000 00649nam a2200229Ia 4500
001 dia_7291
003 CHAP
008 220117s1970 xx 000 0 und d
010 _a178494
040 _cCHAP
090 _aF 611 1970
110 _aMéxico. Secretaría de Industria y Comercio
_977185
245 _aComisión Panamericana de Normas Técnicas : asamblea general
260 _aMéxico :
_b Secretaría de Industria y Comercio,
_c1970
300 _a1 v. en varias pag.
901 _aF 611 1970
902 _aM
905 _a0000001970 mx 0000000000spa00
942 _c12
942 _c12
999 _c178494
_d178494